Fundamentals of Futures and Options Markets (Record no. 5790)
[ view plain ]
| 000 -LEADER | |
|---|---|
| fixed length control field | 00621nam a22002177a 4500 |
| 003 - CONTROL NUMBER IDENTIFIER | |
| control field | BUBTL |
| 008 - FIXED-LENGTH DATA ELEMENTS--GENERAL INFORMATION | |
| fixed length control field | 180911b xxu||||| |||| 00| 0 eng d |
| 020 ## - INTERNATIONAL STANDARD BOOK NUMBER | |
| International Standard Book Number | 978-93-325-3672-2 |
| 082 ## - DEWEY DECIMAL CLASSIFICATION NUMBER | |
| Classification number | 380.1 |
| Item number | HUF |
| 100 ## - MAIN ENTRY--PERSONAL NAME | |
| 9 (RLIN) | 2008 |
| Personal name | Hull, John C. |
| 245 ## - TITLE STATEMENT | |
| Title | Fundamentals of Futures and Options Markets |
| Statement of responsibility, etc. | Hull, John C. |
| 250 ## - EDITION STATEMENT | |
| Edition statement | 8th |
| 260 ## - PUBLICATION, DISTRIBUTION, ETC. (IMPRINT) | |
| Place of publication, distribution, etc. | India |
| Name of publisher, distributor, etc. | Pearson |
| Date of publication, distribution, etc. | 2014 |
| 300 ## - PHYSICAL DESCRIPTION | |
| Extent | 580p . : |
| Other physical details | ill , Chart , Table ; 23cm . |
| Dimensions | Finance . |
| 500 ## - GENERAL NOTE | |
| General note | Includes Index . |
| 650 #0 - SUBJECT ADDED ENTRY--TOPICAL TERM | |
| 9 (RLIN) | 18 |
| Topical term or geographic name as entry element | Finance |
| 700 ## - ADDED ENTRY--PERSONAL NAME | |
| 9 (RLIN) | 2009 |
| Personal name | Hull, John C. |
| 856 ## - ELECTRONIC LOCATION AND ACCESS | |
| Password | 0 |
| Logon | 0 |
| Link text | Download |
| 942 ## - ADDED ENTRY ELEMENTS (KOHA) | |
| Source of classification or shelving scheme | |
| Koha item type | Books |
| Withdrawn status | Lost status | Source of classification or shelving scheme | Damaged status | Not for loan | Collection code | Permanent location | Current location | Shelving location | Date acquired | Inventory number | Total Checkouts | Full call number | Barcode | Date last seen | Copy number | Price effective from | Koha item type |
|---|---|---|---|---|---|---|---|---|---|---|---|---|---|---|---|---|---|
| Non-fiction | Bangladesh University of Business and Technology Library | Bangladesh University of Business and Technology Library | Finance Stacks | 09/11/2018 | 24728 | 380.1 HUF | BUBTL-200324728 | 09/11/2018 | C-1 | 09/11/2018 | Books | ||||||
| Not For Loan | Non-fiction | Bangladesh University of Business and Technology Library | Bangladesh University of Business and Technology Library | Finance Stacks | 09/11/2018 | 24730 | 380.1 HUF | BUBTL-200324730 | 09/11/2018 | C-2 | 09/11/2018 | Books | |||||
| Non-fiction | Bangladesh University of Business and Technology Library | Bangladesh University of Business and Technology Library | Finance Stacks | 09/11/2018 | 24726 | 380.1 HUF | BUBTL-200324726 | 09/11/2018 | C-3 | 09/11/2018 | Books | ||||||
| Non-fiction | Bangladesh University of Business and Technology Library | Bangladesh University of Business and Technology Library | Finance Stacks | 09/11/2018 | 24729 | 380.1 HUF | BUBTL-200324729 | 09/11/2018 | C-4 | 09/11/2018 | Books | ||||||
| Non-fiction | Bangladesh University of Business and Technology Library | Bangladesh University of Business and Technology Library | Finance Stacks | 09/11/2018 | 24727 | 380.1 HUF | BUBTL-200324727 | 09/11/2018 | C-5 | 09/11/2018 | Books |
